000 00399nam a22001697a 4500
999 _c4189
_d4188
005 20210907151534.0
008 160627b xxu||||| |||| 00| 0 eng d
020 _a1-4051-2919-0
041 _aeng
082 _b10269
100 _aGurr, M.I. and others
_92892
245 _aLipid Biochemistry
260 _bBlackwell Science
_c2004
300 _a312
650 _aAgriculture
_92837
942 _cBK